Triết học 10 : Ban Khoa học Xã hội : Sách giáo viên /
Đã lưu trong:
| Hovedforfatter: | |
|---|---|
| Andre forfattere: | |
| Format: | Sách giấy |
| Sprog: | Vietnamese |
| Udgivet: |
H. :
Giáo dục,
1994.
|
| Serier: | Tài liệu giáo khoa thực nghiệm
|
| Fag: | |
| Tags: |
Tilføj Tag
Ingen Tags, Vær først til at tagge denne postø!
|
| Thư viện lưu trữ: | Thư viện Trường Đại học Đà Lạt |
|---|
| LEADER | 00791nam a2200313 4500 | ||
|---|---|---|---|
| 001 | DLU120133111 | ||
| 005 | ##20120329 | ||
| 040 | # | # | |a DLU |b vie |
| 041 | # | # | |a vie |
| 044 | # | # | |a vn |
| 082 | # | # | |a 100 |b LE-Q |
| 100 | # | # | |a Lê Đức Quảng. |
| 245 | # | # | |a Triết học 10 : |b Ban Khoa học Xã hội : Sách giáo viên / |c Lê Đức Quảng, Mai Văn Bính. |
| 260 | # | # | |a H. : |b Giáo dục, |c 1994. |
| 300 | # | # | |a 92 tr. ; |c 21 cm. |
| 490 | # | # | |a Tài liệu giáo khoa thực nghiệm |
| 650 | # | # | |a Triết học. |
| 700 | # | # | |a Mai Văn Bính. |
| 923 | # | # | |a 01/2012SP |
| 991 | # | # | |a SH |
| 992 | # | # | |a 1900 |
| 994 | # | # | |a KSP |
| 900 | # | # | |a True |
| 911 | # | # | |a Nguyễn Thanh Hương |
| 925 | # | # | |a G |
| 926 | # | # | |a A |
| 927 | # | # | |a SH |
| 980 | # | # | |a Thư viện Trường Đại học Đà Lạt |